| 000 | 01085nam a22002657a 4500 | ||
|---|---|---|---|
| 999 |
_c63679 _d63679 |
||
| 005 | 20240530110653.0 | ||
| 008 | 171210s2016 su a g b 000 0 ara d | ||
| 017 |
_a1437/1245 _bالسعودية . مكتبة الملك فهد الوطنية |
||
| 020 | _a9786039075134 | ||
| 040 |
_aEG-CaGPL _cEG-CaGPL |
||
| 082 | 0 | 7 |
_221 _a371.926\ _bم إ |
| 100 | 0 | _aمحمد الحسينى عبدالفتاح محمد | |
| 245 | 1 | 0 |
_aاستراتيجيات التدريس لذوى اضطراب الانتباه المصحوب بفرط الحركة ADHD / _cمحمد الحسينى عبدالفتاح محمد . |
| 250 | _aط.1 | ||
| 260 |
_aالرياض : _bدار الزهراء ، _c2016 . |
||
| 300 |
_a312 ص. ؛ _c24 سم. |
||
| 504 | _aببليوجرافية :ص 267 - 301 | ||
| 650 | 0 | 7 |
_2qrmak _aالسلوك _xتذبذب |
| 650 | 0 | 7 |
_2qrmak _aفرط الحركة |
| 650 | 0 | 7 |
_2qrmak _aاضطرابات ضعف الانتباه ADHD |
| 650 | 0 | 7 |
_2qrmak _aاضطرابات الشخصية |
| 651 | _2qrmak | ||
| 942 |
_2ddc _cBK |
||